Principles of economics. / (Record no. 8841)

MARC details
000 -LEADER
fixed length control field 02900cam a22002774a 4500
001 - CONTROL NUMBER
control field 13367388
003 - CONTROL NUMBER IDENTIFIER
control field OSt
005 - DATE AND TIME OF LATEST TRANSACTION
control field 20220303102705.0
008 - FIXED-LENGTH DATA ELEMENTS--GENERAL INFORMATION
fixed length control field 031008s2004 njua b 001 0 eng
010 ## - LIBRARY OF CONGRESS CONTROL NUMBER
LC control number 2003062447
020 ## - INTERNATIONAL STANDARD BOOK NUMBER
International Standard Book Number 0131441728
040 ## - CATALOGING SOURCE
Original cataloging agency DLC
Transcribing agency LC
Modifying agency DLC
050 00 - LIBRARY OF CONGRESS CALL NUMBER
Classification number HB171.5.C31
100 1# - MAIN ENTRY--PERSONAL NAME
Personal name Case, Karl E.
245 10 - TITLE STATEMENT
Title Principles of economics. /
Statement of responsibility, etc. Karl E. Case, Ray C. Fair.
250 ## - EDITION STATEMENT
Edition statement 7th ed.
260 ## - PUBLICATION, DISTRIBUTION, ETC.
Place of publication, distribution, etc. Upper Saddle River, NJ:
Name of publisher, distributor, etc. Pearson Prentice Hall,
Date of publication, distribution, etc. 2004.
300 ## - PHYSICAL DESCRIPTION
Extent xlv, 750 p. :
Other physical details ill. (chiefly col.) ;
Dimensions 28 cm.
504 ## - BIBLIOGRAPHY, ETC. NOTE
Bibliography, etc. note Includes index.
505 ## - FORMATTED CONTENTS NOTE
Formatted contents note Contents: 1. Introduction to economics: The scope and method of economics -- The economics problems; scarcity and choice -- Demand, supply, and market equilibrium -- Demand and supply applications and elasticity -- 2. Foundations for microeconomics; consumers and firms: Household behavior and consumer choice -- The production process; the behavior of profit maximizing firms -- Short-run costs and output decisions -- Long-run costs and output decisions -- Input demand; the labor and land market -- Input demand; capital market and the investment decision -- General equilibrium and the efficiency of perfect competition -- 3. Market imperfections and the role of Government: Monopoly and the antitrust policy -- Monopolistic competition and oligopoly -- Externalities, public goods, imperfect information, and social choice -- Income distribution and poverty -- Public finance; the economics of taxation -- 4. Concepts and problems in macroeconomics: Introduction to macroeconomics -- Measuring national output and national income -- Long-run and short-run concerns; Growth, productivity, unemployment and inflation -- 5. The goods and money markets: Aggregate expenditure and equilibrium output -- The Government and fiscal policy -- The money supply and the federal reserve systems -- Money demand, the equilibrium interest rate, and monetary policy -- 6. Macroeconomics analysis: Money, the interest rate, and output; analysis and policy -- Aggregate demand, Aggregate supply, and inflation -- The labor market, unemployment, and inflation -- Macroeconomic issues and policy -- The stock market and the economy -- Household and firm behavior in the macroeconomy; A further look -- Long-run growth -- Debate in macroeconomics; monetarism, new classical theory, and supply-side economics -- 7. The world economy: International trade, comparative advantage, and protectionism -- Open-economy macroeconomics; the balance of payment and exchange rates -- Globalization -- Economic growth in developing and transitional economies.
650 ## - SUBJECT ADDED ENTRY--TOPICAL TERM
Form subdivision Economics
700 1# - ADDED ENTRY--PERSONAL NAME
Personal name Fair, Ray C.
906 ## - LOCAL DATA ELEMENT F, LDF (RLIN)
a 7
b cbc
c orignew
d 1
e ocip
f 20
g y-gencatlg
942 ## - ADDED ENTRY ELEMENTS (KOHA)
Source of classification or shelving scheme Library of Congress Classification
Koha item type Books
Holdings
Withdrawn status Lost status Source of classification or shelving scheme Damaged status Not for loan Home library Current library Shelving location Date acquired Source of acquisition Total Checkouts Full call number Barcode Date last seen Price effective from Koha item type
    Library of Congress Classification     WISCONSIN INTERNATIONAL UNIVERSITY COLLEGE, GHANA KUMASI LIBRARY WISCONSIN INTERNATIONAL UNIVERSITY COLLEGE, GHANA KUMASI LIBRARY General Stacks 28/10/2019 WIUC   HB171.5.C31(7e) K/863/863/19 01/03/2022 01/03/2022 Books

If you have any concerns or questions; kindly contact the library


© Powered by WIUC ICT DIRECTORATE